000
00289nam a22001337a 4500
082
_a
894.812
_b
PAU/F
100
_a
VARGHESE PAUL
245
_a
1001 PHALITHA BINDUKKAL
250
_a
FIRST
260
_a
W. CHALAKUDY
_b
AKSHAYA
_c
2010
300
_a
96
650
_a
COMICS
_z
KERALA
942
_c
BK
999
_c
1135
_d
1135